Salvación y caída del arte moderno
保存先:
| 第一著者: | |
|---|---|
| フォーマット: | 図書 |
| 言語: | スペイン語 |
| 出版事項: |
Buenos Aires
Nueva Visión
1966
|
| シリーズ: | Colección ensayos
|
| 主題: | |
| タグ: |
タグ追加
タグなし, このレコードへの初めてのタグを付けませんか!
|
MARC
| LEADER | 00000nam a2200000 a 4500 | ||
|---|---|---|---|
| 001 | UCY1765 | ||
| 003 | CL-VaPUC | ||
| 008 | 940915e19660000AG |||||||||||||||||spa|d | ||
| 082 | 0 | 4 | |a 709.04 |b ARG |2 21 |
| 100 | |a Argán, Giulio Carlo |e autor |9 302784 | ||
| 245 | 1 | 0 | |a Salvación y caída del arte moderno |
| 300 | |a 139 p | ||
| 942 | |c BK | ||
| 945 | |d 19940915 00:00:00 |a oaravena | ||
| 260 | |a Buenos Aires |b Nueva Visión |c 1966 | ||
| 650 | 0 | |a Arte moderno |9 265333 | |
| 650 | 0 | |a Arte |y Siglo 20 |9 267709 | |
| 583 | |a last modification |c 20160901 11:28:27 |k Rodrigo Vera | ||
| 490 | 0 | |a Colección ensayos | |
| 999 | |c 230366 |d 230364 | ||
| 952 | |0 0 |1 0 |4 0 |6 709_040000000000000_ARG_1966 |7 0 |8 A |9 232569 |a BIBARQ |b BIBARQ |d 2019-11-15 |i 3017044 |o 709.04 ARG 1966 |p 3017044 |r 2025-01-20 |w 2019-11-15 |y BK |k ARQ | ||
| 952 | |0 0 |1 0 |4 0 |6 709_040000000000000_ARG_1966 |7 0 |8 A |9 232570 |a BIBART |b BIBART |d 2019-11-15 |i 4773500 |o 709.04 ARG 1966 |p 4773500 |r 2025-03-13 |w 2019-11-15 |y BK |k ART | ||